00481nam a2200145Ia 4500008004100000041000800041082001500049100001500064245004500079260003800124300003300162365000500195999001700200952011800217240624s9999 xx 000 0 und d aeng a005.54 DOD aDODGE MARK aRUNNING MICROSOFT EXCEL 2000 THE COMPLET c1999aWashingtonbMicrosoft Press axxiii, : 994 : p. : cm. ; 23 c c24401d24401 00104070aIMTNbIMTNcRack 3-Ad2015-07-21g39.99o005.54 DODp24401r2024-06-24 00:00:00t67.3w2024-06-24yBK